000 00606nam a2200145Ia 4500
005 20260218142519.0
022 _a2805-3346
050 _aHD7287 .A37/
245 _aAFRICAN JOURNAL OF HOUSING AND SUSTAINABLE DEVELOPMENT
250 _aVol. 5 No. 5
260 _aUniversity of Lagos
_bAfrican Journal of Housing and Sustainable
_c2024
300 _aii, 96 p. ill.: 25 cm
650 _aHousing--Environmental aspects Housing policy--Environmental aspects Housing development--Environmental aspects Residential real estate--Environmental aspects Ecological houses Sustainable development
942 _cSR
_2lcc
999 _c37235
_d37235